000 00769nam a2200241 i 4500
003 DO-SdBNP
005 20231114132041.0
006 a||||gr|||| 00| 0
007 ta
008 231114e1981 dr a|||| |||| 00| 0 spa d
040 _aDO-SdBNP
_bspa
_cBNPHU
_erda
082 4 _222
_bP438p
245 1 0 _aPatria, amor y esperanza el Cristo libertado. /
_cNervo A. Pérez
250 _a2a. edición
264 1 _aSanto Domingo :
_bAlfa & Omega,
_c1981
300 _a97 páginas :
_bIlustraciones ;
_c20 cm.
336 _2rdacontent
_atexto
_btxt
337 _2rdamedia
_asin mediación
_bn
338 _2rdacarrier
_avolumen
_bnc
500 _aIncluye datos biográficos del autor en la solapa de la contracubierta.
590 _aInventariado 2023 / MF
942 _2ddc
_cLBS1
999 _c55488
_d55488